Comuni in Lombardia - Statistics

Statistiche generali
  • Questo quiz è stato fatto 185 volte
  • Il punteggio medio è 7 su 16
Answers on the Grid
Answers color-coded by a green-red scale on the quiz's grid according to % correct below.
Abbiategrasso
Bassano del Grappa
Bellinzona
Brembate
Chiasso
Chioggia
Codogno
Cremona
Erba
Faenza
Gallarate
Garlasco
Grugliasco
Ivrea
Legnago
Lissone
Lugano
Magenta
Mantova
Melegnano
Mendrisio
Mirandola
Moncalieri
Montichiari
Novara
Peschiera del Garda
Piacenza
Rivoli
Salò
Sirmione
Treviglio
Voghera
 
Statistiche sulle risposte
Risposta % Corretto
Abbiategrasso
78%
Cremona
68%
Brembate
61%
Erba
57%
Codogno
55%
Gallarate
54%
Garlasco
50%
Mantova
38%
Lissone
34%
Magenta
30%
Salò
30%
Melegnano
26%
Sirmione
25%
Montichiari
22%
Treviglio
22%
Voghera
18%
Nessun quiz corrispondente trovato
Distribuzione punteggi
Percentuale di utenti per punteggio
Percentile per numero di risposta
I tuoi punteggi nel tempo
Non hai fatto questo quiz